000 00891nam0a22002771 4500
001 v19\rc\1746303
005 20061204152852.8
035 _a(NLR Aleph) 004851748
090 _a4928188
_c4928188
100 _a20061204d1902 |||y0rusy50 ca
101 0 _arus
102 _aRU
105 _ay z |||||
200 1 _aБольной вопрос
_e[Рациональное в сан.-гигиенич. отношении стр-во жилых домов]
_fВ.А. Молчанский
210 _aКиев
_cтипо-лит. В. Уварова
_d1902
215 _a14 с.
_d19
309 _aБез тит. л.
700 1 _aМолчанский
_bВ. А.
_gВладимир А.
801 0 _aRU
_bNLR
_gpsbo
801 0 _aRU
_bRuMoRGB
_2psbo
801 1 _aRU
_bProSoft-M
_2rusmarc
852 _aNLR
_j34.83.8.785
899 _aRuMoRGB
_jG 67/75
899 _aБАН
942 _cBOOK
980 _aNB